| 000 | 00944nam a22003137a 4500 | ||
|---|---|---|---|
| 003 | CHAP | ||
| 005 | 20220817042236.0 | ||
| 008 | 971013s1975 r 00010 d | ||
| 010 | _a38439 | ||
| 011 | _a39411 | ||
| 035 | _a43531 | ||
| 040 | _cCHAP | ||
| 082 |
_a338.9 _bO5Y |
||
| 100 | 0 | 0 |
_aOltmans, Willem L. _983217 |
| 245 | _aDebate sobre el crecimiento | ||
| 260 |
_aMéxico, D. F. : _bFondo de Cultura Económica, _c1975 |
||
| 300 | _a551 p. | ||
| 490 |
_aColección popular _v; 149 |
||
| 590 |
_aBATCH-UPD _b10 _c20130110 _lUCH01 _h1026 |
||
| 590 |
_aBATCH-UPD _b10 _c20130410 _lUCH01 _h0630 |
||
| 590 |
_aBATCH-UPD _b10 _c20130914 _lUCH01 _h1005 |
||
| 590 |
_aCONVERSION _b10 _c20130109 _lUCH01 _h1321 |
||
| 650 | 1 | 4 | _aDesarrollo económico. |
| 710 | 0 |
_aClub de Roma. _923925 |
|
| 830 | 0 |
_aColección popular _v; 149 _924953 |
|
| 901 | _aBK | ||
| 942 | _cLIBRO | ||
| 949 |
_a338.9 O5Y _bBC _cLIBRO _d33724000423034 _eLIBRO _h40746 _i43531 _si |
||
| 999 |
_c38439 _d38439 |
||